| 000 | 00418nam a2200181Ia 4500 | ||
|---|---|---|---|
| 008 | 210210b1935 xxu||||| |||| 00| 0 eng d | ||
| 041 | _aeng | ||
| 082 | _a822/502 | ||
| 100 | _aGRAHAME (Kenneth) | ||
| 245 | _aWind in the willows | ||
| 260 |
_aLondon _bMethuen and Company Limited _c1935 |
||
| 650 | _aWind | ||
| 650 | _awillows | ||
| 650 | _athe | ||
| 650 | _ain | ||
| 690 | _aEnglish Prose | ||
| 906 | _a012688 | ||
| 999 |
_c131500 _d131500 |
||